000 00211 a2200097 4500
001 47000
100 _aKendell P
245 _aThe Story of Land
260 _aLondon
_bHamish Hamilton
_c
090 _c30069
_d30069
942 _aNUST-CAE
_cM
_c22302
999 _c282073
_d282073